| 000 | 00447nam a2200169 a 4500 | ||
|---|---|---|---|
| 001 | 1236 | ||
| 003 | CDMR | ||
| 005 | 20130322102148.0 | ||
| 008 | 130130s1980||||||||||||||||||||||||||||d | ||
| 020 | _a8474422159 | ||
| 040 |
_aCDMR _bcat _cCPC GIRONA |
||
| 100 | 1 |
_aFontcuberta, Mar de _9118 |
|
| 245 | 1 | 0 |
_aEstructura de la notÃcia periodÃstica _cMar Fontcuberta |
| 260 |
_c1980 _bATE _aBarcelona |
||
| 490 | 0 | _aTextos de periodismo | |
| 942 |
_cMON _2udc |
||
| 999 |
_c1236 _d1236 |
||